000 00377 a2200169 4500
001 46354
020 _a9788526013551
040 _cAnchieta - Aquarius
100 _aMachado, Ana Maria
240 1 0 _aNicolão e Nicolinho
_lpor
245 1 0 _aNicolão e Nicolinho
300 _a
362 0 _a2008
440 1 _aGlobal
650 4 _aLiteratura infanto-juvenil
942 _cBK
999 _c46354
_d46354